000 01079cam a2200229 4500
001 WB3842-14
008 021113n2002 000 0 eng u
035 _a(Sirsi) u120444
245 _aBPF joins RICS to get lease code accepted
260 _c2002
490 _aProperty Week
_v67(43) 8 November 2002, 5(1)
520 _aThe British Property Federation (BPF) urges its member to adopt the voluntary "Code of practice for commercial leases England and Wales" to avoid legislation. The BPF has outlined a series of measures that include a checklist of 10 actions landlords should take to help them comply with the lease code; a logo for use in advertising and a series of good practice clauses to be used in correspondence with tenants. Checklist http://www.bpf.propertymall.com/ ; Code of practice http://www.commercialleasecodeew.co.uk/.
590 _aWB
650 _aBPF
650 _aCOMMERCIAL LEASES
650 _aCODE OF PRACTICE
650 _aLANDLORDS
650 _aTENANTS
650 _aFLEXIBILITY
690 _aLANDLORD AND TENANT-LEASES
942 _n0
999 _c71560
_d71560